[Event "EU-Cup (Women) 15th"]
[Site "Plovdiv"]
[Date "2010.10.21"]
[Round "5.1"]
[White "Botvinnik, Irina"]
[Black "Zhukova, Natalia"]
[Result "0-1"]
[WhiteElo "2216"]
[BlackElo "2499"]
[PlyCount "218"]
[EventDate "2010.10.17"]
[EventType "team-swiss"]
[EventRounds "7"]
[EventCountry "BUL"]
[SourceTitle "CBM 138 Extra"]
[Source "ChessBase"]
[SourceDate "2010.10.29"]
[SourceVersion "1"]
[SourceVersionDate "2010.10.29"]
[SourceQuality "1"]
[WhiteTeam "Herzliya (W)"]
[BlackTeam "Giprorechtrans (W)"]
[WhiteTeamCountry "ISR"]
[BlackTeamCountry "RUS"]

1. c4 e6 2. Nc3 d5 3. d4 c5 4. cxd5 exd5 5. Nf3 Nc6 6. e3 Nf6 7. Be2 cxd4 8. Nxd4 Bd6 9. 0-0 0-0 10. Nxc6 bxc6 11. Qa4 Qc7 12. g3 Rb8 13. Qc2 h5 14. Bf3 Bh3 15. Rd1 h4 16. Ne2 Qd7 17. b3 Rfe8 18. Bb2 Ne4 19. Rac1 Ng5 20. Bh1 Qg4 21. Nd4 hxg3 22. hxg3 c5 23. Nf5 Rbd8 24. Bxg7 Qxf5 25. Qxf5 Bxf5 26. Rxd5 Kxg7 27. Rxf5 Ne6 28. Bc6 Rh8 29. Rc4 Rh6 30. Rg4+ Rg6 31. Ra4 Bb8 32. Bd5 Rd7 33. Bxe6 fxe6 34. Rxc5 Rd1+ 35. Kg2 Rd2 36. Kf3 Rf6+ 37. Ke4 Rfxf2 38. Rg5+ Kf6 39. Rg8 Bd6 40. Rxa7 Rxa2 41. Rd7 Be7 42. Re8 Bc5 43. Rc8 Rf5 44. Kd3 Rg2 45. Rcc7 Ba3 46. Ke4 Rxg3 47. Rf7+ Kg5 48. Rg7+ Kh4 49. Rh7+ Rh5 50. Rxh5+ Kxh5 51. Rc6 Rg6 52. Rc2 Bd6 53. Rd2 Bg3 54. b4 Kg4 55. Rd8 Rg5 56. Re8 Re5+ 57. Kd4 Kf3 58. Rf8+ Rf5 59. Re8 Rd5+ 60. Kc4 Re5 61. b5 Re4+ 62. Kc5 Rxe3 63. b6 e5 64. b7 e4 65. Rf8+ Ke2 66. Kd4 Rb3 67. Kxe4 Rxb7 68. Ra8 Rb4+ 69. Kd5 Kf3 70. Ra3+ Kf4 71. Rc3 Rb8 72. Rc4+ Kf5 73. Kd4 Be5+ 74. Ke3 Rb3+ 75. Ke2 Bf4 76. Rc2 Rh3 77. Rc4 Ke5 78. Ra4 Rb3 79. Kf2 Be3+ 80. Kf3 Bd4+ 81. Kg4 Rb2 82. Kf3 Rf2+ 83. Kg3 Rf8 84. Ra6 Ke4 85. Re6+ Be5+ 86. Kg2 Ra8 87. Rb6 Ra2+ 88. Kf1 Bd4 89. Rb3 Be3 90. Rb7 Kf3 91. Rf7+ Bf4 92. Re7 Rh2 93. Rg7 Rh8 94. Rg6 Rc8 95. Re6 Rc2 96. Re8 Ra2 97. Re6 Rf2+ 98. Kg1 Rg2+ 99. Kf1 Rg5 100. Re8 Rh5 101. Rg8 Bd6 102. Rg7 Rb5 103. Rf7+ Bf4 104. Re7 Rb2 105. Re8 Rc2 106. Re7 Rc8 107. Re6 Bg5 108. Re5 Bd2 109. Rf5+ Bf4 0-1

[Event "EU-Cup (Women) 13th"]
[Site "Kallithea"]
[Date "2008.10.20"]
[Round "4"]
[White "Botvinnik, Irina"]
[Black "Stojanovic, Andjelija"]
[Result "1-0"]
[WhiteElo "2239"]
[BlackElo "2357"]
[PlyCount "73"]
[EventDate "2008.10.17"]
[EventType "team-swiss"]
[EventRounds "7"]
[EventCountry "GRE"]
[SourceTitle "CBM 126 Extra"]
[Source "ChessBase"]
[SourceDate "2008.11.05"]
[SourceVersion "1"]
[SourceVersionDate "2008.11.05"]
[SourceQuality "1"]
[WhiteTeam "Herzliya (W)"]
[BlackTeam "Ugljevik Rudar (W)"]
[WhiteTeamCountry "ISR"]
[BlackTeamCountry "BIH"]

1. c4 e5 2. Nc3 Nc6 3. e3 Nf6 4. a3 g6 5. Nf3 Bg7 6. Qc2 0-0 7. Be2 d5 8. cxd5 Nxd5 9. 0-0 h6 10. Rb1 Nb6 11. b4 a6 12. Ne4 Bf5 13. d3 Nd7 14. Bd2 Qe7 15. a4 Rfc8 16. Rfc1 g5 17. b5 axb5 18. Rxb5 Nd8 19. Ng3 Bg6 20. Bc3 c6 21. Rb2 b6 22. Nd2 f5 23. Nc4 Ra6 24. d4 exd4 25. Bxd4 Bxd4 26. exd4 b5 27. Nxf5 Bxf5 28. Qxf5 Rxa4 29. Qg6+ Qg7 30. Qe8+ Nf8 31. Nb6 Qxd4 32. Nxa4 bxa4 33. Bc4+ Kg7 34. Qe7+ Kg6 35. Qxf8 Qxb2 36. Bd3+ Kh5 37. Qf3+ 1-0

[Event "Olympiad Women-36"]
[Site "Mallorca"]
[Date "2004.10.25"]
[Round "10.2"]
[White "Botvinnik, Irina"]
[Black "Paehtz, Elisabeth"]
[Result "0-1"]
[WhiteElo "2239"]
[BlackElo "2398"]
[PlyCount "68"]
[EventDate "2004.10.15"]
[EventType "team-swiss"]
[EventRounds "14"]
[EventCountry "ESP"]
[SourceTitle "CBM 102 Extra"]
[Source "ChessBase"]
[SourceDate "2004.11.03"]
[SourceVersion "1"]
[SourceVersionDate "2004.11.03"]
[SourceQuality "1"]
[WhiteTeam "Israel (W)"]
[BlackTeam "Germany (W)"]
[WhiteTeamCountry "ISR"]
[BlackTeamCountry "GER"]

1. c4 b6 2. Nf3 Bb7 3. g3 Bxf3 4. exf3 e6 5. d4 d5 6. cxd5 exd5 7. Bg2 Bb4+ 8. Nc3 Qe7+ 9. Be3 Nf6 10. 0-0 0-0 11. a3 Bxc3 12. bxc3 Nc6 13. Re1 Na5 14. Bf1 Rfe8 15. Bd3 Qd7 16. a4 h6 17. Kg2 Nc4 18. Qc2 Re7 19. Bf4 Rae8 20. Rxe7 Rxe7 21. g4 Qc6 22. Rb1 Na3 23. Qb3 Nxb1 24. Bxb1 Nh7 25. Bc1 Re8 26. h4 Nf8 27. h5 Qe6 28. a5 bxa5 29. Bf5 Qe1 30. Be3 Qe2 31. Bf4 c6 32. Be5 Qb5 33. Qc2 f6 34. Bd6 Re1 0-1

[Event "EU-Cup (Women) 09th"]
[Site "Izmir"]
[Date "2004.10.07"]
[Round "5.1"]
[White "Botvinnik, Irina"]
[Black "Turova, Irina"]
[Result "1-0"]
[WhiteElo "2239"]
[BlackElo "2401"]
[PlyCount "121"]
[EventDate "2004.10.03"]
[EventType "team-swiss"]
[EventRounds "7"]
[EventCountry "TUR"]
[SourceTitle "EXT 2013"]
[Source "ChessBase"]
[SourceDate "2012.11.22"]
[SourceVersion "1"]
[SourceVersionDate "2012.11.22"]
[SourceQuality "1"]
[WhiteTeam "Herzliya (W)"]
[BlackTeam "St Petersburg Finek (W)"]
[WhiteTeamCountry "ISR"]
[BlackTeamCountry "RUS"]

1. c4 f5 2. Nc3 Nf6 3. g3 g6 4. Bg2 Bg7 5. Nf3 d6 6. 0-0 0-0 7. d4 Qe8 8. Nd5 Nxd5 9. cxd5 Nd7 10. Ng5 Nb6 11. a4 a5 12. e3 h6 13. Ne6 Bxe6 14. dxe6 d5 15. Bd2 c6 16. b3 Rf6 17. Bc3 Qd8 18. g4 Rxe6 19. gxf5 gxf5 20. Qc2 Rf6 21. f4 Nc8 22. Be1 Nd6 23. Kh1 Rg6 24. Bf3 Bf6 25. b4 e6 26. bxa5 Nc4 27. Qb3 c5 28. Rd1 cxd4 29. exd4 Qd7 30. Be2 Rc8 31. Bb4 Kh7 32. a6 bxa6 33. Bc5 Be7 34. Bxe7 Qxe7 35. Rg1 Rxg1+ 36. Rxg1 Rg8 37. Rxg8 Kxg8 38. Bxc4 dxc4 39. Qxc4 Qb7+ 40. Kg1 Kf7 41. Kf2 a5 42. Kg3 Qd7 43. Kh4 Kf6 44. Qc5 Kg6 45. Qe5 Qe7+ 46. Kg3 Qa3+ 47. Kg2 Qb3 48. Kf2 Qc4 49. Ke3 Qa2 50. Kf3 Kh5 51. Ke3 Qxh2 52. Qxe6 Qg3+ 53. Ke2 Qxf4 54. d5 Qc4+ 55. Kf3 Qf1+ 56. Ke3 Qe1+ 57. Kf4 Qf2+ 58. Ke5 f4 59. Qf5+ Kh4 60. Qxf4+ Qxf4+ 61. Kxf4 1-0

[Event "EU-Cup (Women) 09th"]
[Site "Izmir"]
[Date "2004.10.03"]
[Round "1.1"]
[White "Botvinnik, Irina"]
[Black "Maric, Alisa"]
[Result "1/2-1/2"]
[WhiteElo "2239"]
[BlackElo "2418"]
[PlyCount "70"]
[EventDate "2004.10.03"]
[EventType "team-swiss"]
[EventRounds "7"]
[EventCountry "TUR"]
[SourceTitle "EXT 2013"]
[Source "ChessBase"]
[SourceDate "2012.11.22"]
[SourceVersion "1"]
[SourceVersionDate "2012.11.22"]
[SourceQuality "1"]
[WhiteTeam "Herzliya (W)"]
[BlackTeam "Podgorica Internet (W)"]
[WhiteTeamCountry "ISR"]
[BlackTeamCountry "SRB"]

1. c4 e6 2. g3 d5 3. Bg2 Nf6 4. Nf3 dxc4 5. Qa4+ c6 6. Qxc4 b5 7. Qc2 Bb7 8. d4 Nbd7 9. Nc3 c5 10. dxc5 Bxc5 11. 0-0 Rc8 12. Qd3 a6 13. Bf4 0-0 14. Bd6 Bxd6 15. Qxd6 Nb6 16. Qxd8 Rfxd8 17. Rfd1 Rxd1+ 18. Nxd1 Kf8 19. Ne1 Bxg2 20. Kxg2 e5 21. f3 e4 22. Ne3 Na4 23. b3 Nc3 24. Rc1 b4 25. Nd1 Ke7 26. Nxc3 bxc3 27. Kf2 exf3 28. Kxf3 Rc5 29. e4 Re5 30. Nd3 Rxe4 31. Nc5 Re5 32. Rxc3 Rf5+ 33. Ke2 Nd5 34. Rc1 a5 35. a3 Nf6 1/2-1/2

[Event "ISR-ch (Women)"]
[Site "Ramat Aviv"]
[Date "2004.09.29"]
[Round "9"]
[White "Botvinnik, Irina"]
[Black "Tsifanskaya, Ludmila A"]
[Result "0-1"]
[WhiteElo "2239"]
[BlackElo "2216"]
[PlyCount "92"]
[EventDate "2004.09.19"]
[EventType "swiss"]
[EventRounds "9"]
[EventCountry "ISR"]
[SourceTitle "CBM 102 Extra"]
[Source "ChessBase"]
[SourceDate "2004.11.03"]
[SourceVersion "1"]
[SourceVersionDate "2004.11.03"]
[SourceQuality "1"]

1. e4 c5 2. Nc3 Nc6 3. f4 e6 4. Bc4 a6 5. a4 Nge7 6. e5 d6 7. exd6 Qxd6 8. d3 Nf5 9. g4 Nh4 10. Be3 Ng2+ 11. Kd2 Nxe3 12. Kxe3 Qd4+ 13. Kf3 h5 14. gxh5 Rxh5 15. Nge2 Qf6 16. Ne4 Qh6 17. c3 Rxh2 18. Rxh2 Qxh2 19. Qh1 Qxh1+ 20. Rxh1 Bd7 21. Rh8 b6 22. N2g3 Na5 23. Ba2 Bxa4 24. f5 exf5 25. Nxf5 0-0-0 26. d4 Bb3 27. Bxb3 Nxb3 28. d5 g6 29. Nfd6+ Bxd6 30. Nxd6+ Kd7 31. Nxf7 Rxh8 32. Nxh8 Nd2+ 33. Kf4 Kd6 34. Nxg6 Kxd5 35. Ne5 Nc4 36. Nd3 a5 37. b3 Nd2 38. Nc1 Nxb3 39. Nxb3 Kc4 40. Nd2+ Kxc3 41. Ne4+ Kc2 42. Nd6 a4 43. Nc4 Kb3 44. Nxb6 a3 45. Nd7 a2 46. Nxc5+ Kc4 0-1

[Event "ISR-ch (Women)"]
[Site "Ramat Aviv"]
[Date "2004.09.22"]
[Round "4"]
[White "Gesser, Bella"]
[Black "Botvinnik, Irina"]
[Result "1/2-1/2"]
[WhiteElo "2209"]
[BlackElo "2239"]
[PlyCount "34"]
[EventDate "2004.09.19"]
[EventType "swiss"]
[EventRounds "9"]
[EventCountry "ISR"]
[SourceTitle "CBM 102 Extra"]
[Source "ChessBase"]
[SourceDate "2004.11.03"]
[SourceVersion "1"]
[SourceVersionDate "2004.11.03"]
[SourceQuality "1"]

1. d4 d5 2. c4 dxc4 3. Nf3 Nf6 4. e3 e6 5. Bxc4 c5 6. 0-0 a6 7. Bb3 Nc6 8. Qe2 cxd4 9. Rd1 d3 10. Rxd3 Qc7 11. Nbd2 Be7 12. Nd4 Bd7 13. N2f3 Ne4 14. Nxc6 Bxc6 15. Nd4 0-0 16. Nxc6 Qxc6 17. Bd2 Nxd2 1/2-1/2

[Event "EU-chT (Women) 5th"]
[Site "Plovdiv"]
[Date "2003.10.19"]
[Round "8"]
[White "Botvinnik, Irina"]
[Black "Jiretorn, Eva"]
[Result "1/2-1/2"]
[WhiteElo "2249"]
[BlackElo "2146"]
[PlyCount "85"]
[EventDate "2003.10.10"]
[EventType "team-swiss"]
[EventRounds "9"]
[EventCountry "BUL"]
[SourceTitle "EXT 2020"]
[Source "ChessBase"]
[SourceDate "2019.10.17"]
[SourceVersion "1"]
[SourceVersionDate "2019.10.17"]
[SourceQuality "1"]
[WhiteTeam "Israel (W)"]
[BlackTeam "Sweden (W)"]
[WhiteTeamCountry "ISR"]
[BlackTeamCountry "SWE"]

1. c4 c5 2. Nf3 Nc6 3. d4 cxd4 4. Nxd4 g6 5. e4 Bg7 6. Be3 Nf6 7. Nc3 0-0 8. Be2 d6 9. h3 a6 10. 0-0 Nd7 11. Qd2 Rb8 12. Rfd1 Re8 13. Rac1 Nxd4 14. Bxd4 Bxd4 15. Qxd4 Qb6 16. Qd2 Qa5 17. h4 Nf6 18. Qg5 b5 19. e5 b4 20. exf6 Qxg5 21. hxg5 bxc3 22. b3 exf6 23. Bf3 fxg5 24. Rxd6 Bf5 25. Rxc3 g4 26. Bd5 Re1+ 27. Kh2 Re2 28. Kg3 h5 29. Re3 Rxa2 30. c5 g5 31. Rf6 h4+ 32. Kh2 Rxf2 33. Re5 g3+ 34. Kg1 Bc2 35. Rxg5+ Kf8 36. Rxf2 gxf2+ 37. Kxf2 Bxb3 38. Bf3 Be6 39. Rh5 Rb4 40. Be2 Rb2 41. Rxh4 Rc2 42. Ra4 Ke7 43. Ke3 1/2-1/2

[Event "EU-chT (Women) 5th"]
[Site "Plovdiv"]
[Date "2003.10.15"]
[Round "5"]
[White "Paehtz, Elisabeth"]
[Black "Botvinnik, Irina"]
[Result "1-0"]
[WhiteElo "2419"]
[BlackElo "2249"]
[PlyCount "103"]
[EventDate "2003.10.10"]
[EventType "team-swiss"]
[EventRounds "9"]
[EventCountry "BUL"]
[SourceTitle "EXT 2020"]
[Source "ChessBase"]
[SourceDate "2019.10.17"]
[SourceVersion "1"]
[SourceVersionDate "2019.10.17"]
[SourceQuality "1"]
[WhiteTeam "Germany (W)"]
[BlackTeam "Israel (W)"]
[WhiteTeamCountry "GER"]
[BlackTeamCountry "ISR"]

1. e4 c5 2. Nf3 Nc6 3. d4 cxd4 4. Nxd4 Qb6 5. Nb3 Nf6 6. Bd3 e6 7. 0-0 d6 8. Qe2 Be7 9. Nc3 a6 10. Bd2 Qc7 11. Kh1 b5 12. Rae1 Bb7 13. a4 b4 14. Nd1 0-0 15. f4 e5 16. Ne3 exf4 17. Nf5 Rfe8 18. Qf2 Nh5 19. Be2 Nf6 20. Qxf4 Ne5 21. Qg3 Ng6 22. Bd3 Bf8 23. Bxb4 Nxe4 24. Bxe4 Rxe4 25. c3 Rxe1 26. Rxe1 Qd7 27. Nbd4 Qxa4 28. Bxd6 Qd7 29. Bxf8 Rxf8 30. h4 h5 31. Re7 Qd5 32. c4 Qxg2+ 33. Qxg2 Bxg2+ 34. Kxg2 Nxe7 35. Nxe7+ Kh7 36. c5 Re8 37. Nef5 Re5 38. c6 Rc5 39. Nd6 f6 40. b4 Rc3 41. Ne4 Rc4 42. Nc5 Rxd4 43. c7 Rxb4 44. c8Q Rxh4 45. Qf5+ Kh6 46. Ne6 Rg4+ 47. Kf2 a5 48. Qxa5 Re4 49. Qd2+ Kg6 50. Nf8+ Kf5 51. Qd3 Ke5 52. Nd7+ 1-0

[Event "Olympiad Women-35"]
[Site "Bled"]
[Date "2002.11.08"]
[Round "13.3"]
[White "Botvinnik, Irina"]
[Black "Frometa Castillo, Zirka"]
[Result "1-0"]
[WhiteElo "2187"]
[BlackElo "2248"]
[PlyCount "79"]
[EventDate "2002.10.26"]
[EventType "team-swiss"]
[EventRounds "14"]
[EventCountry "SLO"]
[SourceTitle "EXT 2003"]
[Source "ChessBase"]
[SourceDate "2002.11.25"]
[SourceVersion "1"]
[SourceVersionDate "2002.11.25"]
[SourceQuality "1"]
[WhiteTeam "Israel (W)"]
[BlackTeam "Cuba (W)"]
[WhiteTeamCountry "ISR"]
[BlackTeamCountry "CUB"]

1. c4 c5 2. Nc3 Nc6 3. g3 g6 4. Bg2 Bg7 5. d3 d6 6. e3 e5 7. Nge2 Nge7 8. 0-0 0-0 9. Rb1 Be6 10. Nd5 Qd7 11. Qa4 Nxd5 12. cxd5 Nd4 13. Qd1 Nxe2+ 14. Qxe2 Bh3 15. Bxh3 Qxh3 16. b4 b6 17. Bd2 f5 18. bxc5 dxc5 19. Rfe1 g5 20. Bc3 Rad8 21. a4 Rd6 22. a5 f4 23. exf4 gxf4 24. Qf1 Qh5 25. axb6 axb6 26. Qg2 f3 27. Qf1 Rb8 28. h4 Rxd5 29. Qh3 b5 30. Re3 b4 31. Bb2 Rbd8 32. Rbe1 Qf7 33. Bxe5 Bxe5 34. Rxe5 Rxe5 35. Rxe5 Qd7 36. Rf5 b3 37. Qg4+ Kh8 38. Rf8+ Rxf8 39. Qxd7 Rb8 40. Qc7 1-0

[Event "Olympiad Women-35"]
[Site "Bled"]
[Date "2002.11.07"]
[Round "12.3"]
[White "Aketayeva, Dana"]
[Black "Botvinnik, Irina"]
[Result "1-0"]
[WhiteElo "2127"]
[BlackElo "2187"]
[PlyCount "95"]
[EventDate "2002.10.26"]
[EventType "team-swiss"]
[EventRounds "14"]
[EventCountry "SLO"]
[SourceTitle "EXT 2003"]
[Source "ChessBase"]
[SourceDate "2002.11.25"]
[SourceVersion "1"]
[SourceVersionDate "2002.11.25"]
[SourceQuality "1"]
[WhiteTeam "Kazakhstan (W)"]
[BlackTeam "Israel (W)"]
[WhiteTeamCountry "KAZ"]
[BlackTeamCountry "ISR"]

1. e4 c5 2. Nf3 Nc6 3. d4 cxd4 4. Nxd4 Qb6 5. Nb3 Nf6 6. Nc3 e6 7. Bd3 Be7 8. 0-0 0-0 9. Be3 Qc7 10. f4 d6 11. a4 b6 12. Qf3 Nb4 13. Qg3 Re8 14. e5 Nd7 15. Nb5 Qb8 16. exd6 Bxd6 17. Be4 Nd5 18. Nxd6 Qxd6 19. Bd4 f6 20. c4 Nc7 21. Bxa8 Nxa8 22. Rfd1 Qb4 23. Qc3 Qxc3 24. Bxc3 Nc7 25. Rd6 Nf8 26. a5 Ng6 27. axb6 axb6 28. Ra7 Na6 29. Rxb6 Nxf4 30. Rbxa6 Bxa6 31. Rxa6 e5 32. g3 Ne2+ 33. Kf2 Nxc3 34. bxc3 Rb8 35. Ra3 Kf7 36. Ke3 Ke6 37. Nc5+ Kf5 38. Ne4 Rb1 39. Nf2 h5 40. c5 Rb5 41. Ne4 Ke6 42. c4 Rb2 43. c6 f5 44. Nc3 Kd6 45. Ra6 Rb8 46. Nb5+ Kc5 47. c7 Rc8 48. Rg6 1-0

[Event "Olympiad Women-35"]
[Site "Bled"]
[Date "2002.11.05"]
[Round "10.3"]
[White "Benggawan, Amanda"]
[Black "Botvinnik, Irina"]
[Result "0-1"]
[WhiteElo "2046"]
[BlackElo "2187"]
[PlyCount "98"]
[EventDate "2002.10.26"]
[EventType "team-swiss"]
[EventRounds "14"]
[EventCountry "SLO"]
[SourceTitle "EXT 2003"]
[Source "ChessBase"]
[SourceDate "2002.11.25"]
[SourceVersion "1"]
[SourceVersionDate "2002.11.25"]
[SourceQuality "1"]
[WhiteTeam "Canada (W)"]
[BlackTeam "Israel (W)"]
[WhiteTeamCountry "CAN"]
[BlackTeamCountry "ISR"]

1. e4 c5 2. Nf3 Nc6 3. d4 cxd4 4. Nxd4 Qb6 5. Nb3 Nf6 6. Nc3 e6 7. Bd3 Be7 8. 0-0 0-0 9. Be3 Qc7 10. f4 d6 11. Qf3 a6 12. a4 Nb4 13. Rae1 e5 14. f5 Rd8 15. a5 Qc6 16. Bb6 Re8 17. Kh1 Bf8 18. Rf2 Nd7 19. Nd5 Nxd3 20. cxd3 Nxb6 21. Rc1 Qb5 22. Nxb6 Rb8 23. Rc3 Bd7 24. Rfc2 Bc6 25. Nd2 Qxa5 26. Ndc4 Qb4 27. Rc1 Rbd8 28. Ra1 d5 29. exd5 Bb5 30. Qe2 Bc5 31. Qc2 Bd4 32. Rb3 Qe7 33. Re1 Qf6 34. d6 Qh4 35. Re2 Bxb6 36. Nxb6 Rxd6 37. Nc4 Rh6 38. h3 Ba4 39. Qc3 Bxb3 40. Qxb3 Qf4 41. Kg1 b5 42. Ne3 Rc6 43. Nf1 Qxf5 44. Qd5 Qe6 45. Rxe5 Qxe5 46. Qxc6 Qe6 47. Qb7 h6 48. b4 Rd8 49. Ng3 Rxd3 0-1

[Event "Olympiad Women-35"]
[Site "Bled"]
[Date "2002.10.28"]
[Round "3.3"]
[White "Botvinnik, Irina"]
[Black "Socko, Monika"]
[Result "0-1"]
[WhiteElo "2187"]
[BlackElo "2354"]
[PlyCount "96"]
[EventDate "2002.10.26"]
[EventType "team-swiss"]
[EventRounds "14"]
[EventCountry "SLO"]
[SourceTitle "EXT 2003"]
[Source "ChessBase"]
[SourceDate "2002.11.25"]
[SourceVersion "1"]
[SourceVersionDate "2002.11.25"]
[SourceQuality "1"]
[WhiteTeam "Israel (W)"]
[BlackTeam "Poland (W)"]
[WhiteTeamCountry "ISR"]
[BlackTeamCountry "POL"]

1. c4 g6 2. Nc3 Bg7 3. g3 c5 4. Bg2 Nc6 5. d3 d6 6. e4 e6 7. Nge2 Nge7 8. Be3 Nd4 9. Qd2 0-0 10. h4 e5 11. Nd5 Nxd5 12. exd5 Nf5 13. 0-0-0 b5 14. h5 Nxe3 15. Qxe3 Rb8 16. hxg6 hxg6 17. cxb5 Rxb5 18. Nc3 Rb4 19. a3 Rb3 20. Rd2 f5 21. Bf3 Bd7 22. Bd1 Rb8 23. g4 c4 24. dxc4 e4 25. gxf5 Bxf5 26. Nxe4 Re8 27. f3 Qc7 28. Be2 Qb7 29. b4 a5 30. b5 Qe7 31. Qf4 Qa7 32. Qh4 Qe3 33. Bd3 Qd4 34. Kd1 Rbc8 35. b6 Rb8 36. c5 dxc5 37. d6 Qa4+ 38. Ke2 c4 39. Bc2 Qxa3 40. d7 Red8 41. Nf6+ Kf7 42. Bxf5 gxf5 43. Nh5 Re8+ 44. dxe8Q+ Rxe8+ 45. Qe4 fxe4 46. Rd7+ Re7 47. Rxe7+ Qxe7 48. Nxg7 exf3+ 0-1

[Event "Tel Aviv (Women)"]
[Site "Tel Aviv"]
[Date "2001.02.22"]
[Round "3"]
[White "Pitam, Ella"]
[Black "Botvinnik, Irina"]
[Result "1-0"]
[WhiteElo "2258"]
[BlackElo "2180"]
[PlyCount "121"]
[EventDate "2001.02.20"]
[EventType "tourn"]
[EventRounds "9"]
[EventCountry "ISR"]
[SourceTitle "EXT 2002"]
[Source "ChessBase"]
[SourceDate "2001.11.25"]
[SourceVersion "1"]
[SourceVersionDate "2001.11.25"]
[SourceQuality "1"]

1. c4 c5 2. Nc3 Nc6 3. Nf3 Nd4 4. e3 Nxf3+ 5. Qxf3 g6 6. b3 Bg7 7. Bb2 Rb8 8. Be2 d6 9. 0-0 Nh6 10. Rfe1 0-0 11. h3 f5 12. Na4 e5 13. Qd5+ Nf7 14. d4 cxd4 15. exd4 b5 16. cxb5 Bb7 17. Qc4 Rc8 18. Qd3 Be4 19. Qd1 Bc2 20. Qd2 Bh6 21. Qb4 e4 22. d5 f4 23. Bg4 e3 24. fxe3 f3 25. Bxf3 Qe7 26. Qd4 Ne5 27. Bg4 Nxg4 28. Qh8+ Kf7 29. Qxh7+ Ke8 30. Qxe7+ Kxe7 31. hxg4 Bd3 32. Nc3 Bg5 33. g3 Rf3 34. Rad1 Bxe3+ 35. Rxe3+ Rxe3 36. Kf2 Rxc3 37. Bxc3 Re2+ 38. Kf3 Bxb5 39. a4 Ba6 40. Rh1 Rc2 41. Bd4 Rd2 42. Rh7+ Ke8 43. Ke4 Bf1 44. Rxa7 Re2+ 45. Be3 Rb2 46. Rb7 Bg2+ 47. Kd4 Rb1 48. a5 Rd1+ 49. Kc3 Rxd5 50. Rb8+ Kd7 51. a6 Ra5 52. a7 Bc6 53. Bb6 Ra6 54. Kc4 Ke6 55. b4 Bf3 56. Bd4 Ra3 57. b5 Ra4+ 58. Kc3 Bd5 59. b6 Ra3+ 60. Kc2 Be4+ 61. Kb2 1-0

[Event "ISR-chT"]
[Site "Ramat Aviv"]
[Date "2000.01.28"]
[Round "3.7"]
[White "Botvinnik, Irina"]
[Black "Len, Irina"]
[Result "0-1"]
[WhiteElo "2182"]
[BlackElo "2081"]
[PlyCount "72"]
[EventDate "2000.01.14"]
[EventType "team"]
[EventRounds "11"]
[EventCountry "ISR"]
[SourceTitle "CBM 077"]
[Source "ChessBase"]
[SourceDate "2000.07.27"]
[SourceVersion "1"]
[SourceVersionDate "2000.07.27"]
[SourceQuality "1"]
[WhiteTeam "Tel Aviv Univ"]
[BlackTeam "Herzliya"]
[WhiteTeamCountry "ISR"]
[BlackTeamCountry "ISR"]

1. Nf3 f5 2. b3 Nf6 3. Bb2 e6 4. e3 b6 5. d4 Bb7 6. Bd3 Be7 7. c4 0-0 8. Nbd2 Qe8 9. Qc2 Na6 10. a3 Qh5 11. h3 c5 12. 0-0-0 cxd4 13. g4 Qe8 14. exd4 Rc8 15. gxf5 Qh5 16. Be2 Qxf5 17. Qxf5 exf5 18. Rhg1 Ne4 19. d5 Bf6 20. Ne5 Nac5 21. Nxe4 fxe4 22. b4 Na4 23. Bd4 Bxd5 24. Nxd7 Bxd4 25. Rxd4 Rxf2 26. Rxd5 Rxe2 27. Ne5 Ra2 28. Rgd1 h6 29. R1d2 Rxa3 30. h4 Rc3+ 31. Kd1 Rh3 32. Ke2 Nc3+ 33. Kf1 Nxd5 34. cxd5 Rc1+ 35. Kg2 Rch1 36. d6 R1h2+ 0-1

[Event "ISR-chT"]
[Site "Israel"]
[Date "1999.04.23"]
[Round "9"]
[White "Botvinnik, Irina"]
[Black "Segal, Anna"]
[Result "0-1"]
[WhiteElo "2164"]
[BlackElo "2250"]
[PlyCount "104"]
[EventDate "1999.01.??"]
[EventType "team"]
[EventRounds "11"]
[EventCountry "ISR"]
[SourceTitle "EXT 2000"]
[Source "ChessBase"]
[SourceDate "1999.11.16"]
[SourceVersion "1"]
[SourceVersionDate "1999.11.16"]
[SourceQuality "1"]

1. c4 g6 2. Nc3 Bg7 3. g3 e5 4. Bg2 Nc6 5. Rb1 a5 6. d3 d6 7. Nf3 Nge7 8. 0-0 0-0 9. a3 h6 10. Nd2 Bg4 11. b4 axb4 12. axb4 Qc8 13. b5 Nd4 14. b6 c6 15. Nde4 d5 16. Nc5 dxc4 17. dxc4 Rd8 18. f3 Nxf3+ 19. exf3 Rxd1 20. Rxd1 Be6 21. N3e4 Nf5 22. g4 Nd4 23. Nd6 Qb8 24. Ncxb7 Ne2+ 25. Kh1 Nc3 26. Be3 Nxd1 27. Rxd1 Bxc4 28. Nxc4 Qxb7 29. f4 exf4 30. Bxf4 Ra4 31. Bf1 Ra2 32. Bg2 Rc2 33. Ne3 Rxg2 34. Kxg2 Qxb6 35. Kf3 g5 36. Bg3 Bd4 37. Nf5 Qb3+ 38. Ke2 Qc2+ 39. Rd2 Qe4+ 40. Kf1 Qf3+ 41. Bf2 Qh3+ 42. Ke2 Qxg4+ 43. Kd3 Qxf5+ 44. Kxd4 Qf4+ 45. Kc3 Qxh2 46. Rd8+ Kh7 47. Bd4 Qc7 48. Rh8+ Kg6 49. Rg8+ Kf5 50. Kc4 Qd6 51. Ra8 Qd5+ 52. Kc3 c5 0-1

[Event "ISR-chT"]
[Site "Israel"]
[Date "1999.04.09"]
[Round "7"]
[White "Botvinnik, Irina"]
[Black "Dotan, Valeria"]
[Result "1-0"]
[WhiteElo "2164"]
[BlackElo "2065"]
[PlyCount "104"]
[EventDate "1999.01.??"]
[EventType "team"]
[EventRounds "11"]
[EventCountry "ISR"]
[SourceTitle "EXT 2000"]
[Source "ChessBase"]
[SourceDate "1999.11.16"]
[SourceVersion "1"]
[SourceVersionDate "1999.11.16"]
[SourceQuality "1"]

1. c4 c5 2. Nc3 Nf6 3. g3 d5 4. cxd5 Nxd5 5. Bg2 Nc7 6. d3 e5 7. Be3 Be7 8. Rc1 Nba6 9. Nf3 f6 10. 0-0 Rb8 11. Nd2 0-0 12. f4 exf4 13. gxf4 f5 14. Nc4 Be6 15. Bf2 Nb4 16. Ne5 Nbd5 17. Qd2 Rc8 18. Na4 Na6 19. d4 c4 20. Nc3 Bb4 21. Bg3 b5 22. e4 Bxc3 23. bxc3 fxe4 24. Bxe4 Bf5 25. Bg2 Qd6 26. Rfe1 Nac7 27. Nf3 a5 28. Re5 b4 29. Nh4 bxc3 30. Qe1 Bd3 31. f5 Qd7 32. Bh3 Nf6 33. Nf3 Ncd5 34. Re6 Qb5 35. Bd6 Rfd8 36. Qg3 Qb2 37. Ree1 c2 38. Be5 Qc3 39. Ng5 Rd7 40. Ne6 Qd2 41. Bg2 Qh6 42. Nc5 Rdd8 43. Nxd3 cxd3 44. Qxd3 Rc3 45. Qe2 Re3 46. Qxc2 Qg5 47. Kh1 Rxe1+ 48. Rxe1 h6 49. Rg1 Ne3 50. Qb3+ Kh8 51. Bxf6 Ng4 52. h3 a4 1-0

[Event "ISR-chT"]
[Site "Israel"]
[Date "1999.01.22"]
[Round "3"]
[White "Pitam, Ella"]
[Black "Botvinnik, Irina"]
[Result "1-0"]
[WhiteElo "2330"]
[BlackElo "2185"]
[PlyCount "51"]
[EventDate "1999.01.??"]
[EventType "team"]
[EventRounds "11"]
[EventCountry "ISR"]
[SourceTitle "EXT 2000"]
[Source "ChessBase"]
[SourceDate "1999.11.16"]
[SourceVersion "1"]
[SourceVersionDate "1999.11.16"]
[SourceQuality "1"]

1. Nf3 g6 2. c4 Bg7 3. Nc3 e5 4. d4 exd4 5. Nxd4 Ne7 6. Bf4 0-0 7. Ndb5 Na6 8. g3 d6 9. Bg2 Nc5 10. Nxc7 Qxc7 11. Bxd6 Qb6 12. Bxe7 Re8 13. Nd5 Qxb2 14. Rb1 Qxa2 15. Bxc5 Bg4 16. 0-0 Bxe2 17. Qb3 Qxb3 18. Rxb3 Bxc4 19. Rxb7 Bxf1 20. Bxf1 Rab8 21. Rxa7 Re1 22. Kg2 g5 23. Ne7+ Kh8 24. Nf5 g4 25. Rxf7 Rbb1 26. Bd4 1-0